LEADER 01861nam2-2200517---450- 001 990000750840203316 005 20100608133617.0 010 $a88-14-02569-X 035 $a0075084 035 $aUSA010075084 035 $a(ALEPH)000075084USA01 035 $a0075084 100 $a20011119d1990----km-y0itay0103----ba 101 $aita 102 $aIT 105 $a||||||||001yy 200 1 $a<> imposta sul reddito delle persone giuridiche, l'imposta locale sui redditi, disposizioni comuni e varie$fMario Maccarone$v2 205 $a2. ed. 210 $aMilano$cA. Giuffrè$d1990 215 $ap 836-1164$d24 cm 225 2 $aL'ordinamento tributario italiano 410 $12001$aL'ordinamento tributario italiano 461 1$10010075075$12001$aTeoria e tecnica delle imposte sui redditi 606 0 $aImposta sul reddito 676 $a343.45052 700 1$aMACCARONE,$bMario$0231510 801 0$aIT$bsalbc$gISBD 912 $a990000750840203316 951 $aXXIV.5.Coll. 9/ 2 2 (COLL. EBX 1/II)$b71376 E.C.$cXXIV.5.Coll. 9$d00247025 959 $aBK 969 $aECO 979 $aPATTY$b90$c20011119$lUSA01$h1542 979 $aPATTY$b90$c20011129$lUSA01$h1243 979 $aPATTY$b90$c20011129$lUSA01$h1243 979 $aPATTY$b90$c20011129$lUSA01$h1244 979 $aPATTY$b90$c20011129$lUSA01$h1245 979 $aPATTY$b90$c20011129$lUSA01$h1246 979 $aPATTY$b90$c20011129$lUSA01$h1247 979 $aPATTY$b90$c20020325$lUSA01$h1345 979 $c20020403$lUSA01$h1723 979 $aPATRY$b90$c20040406$lUSA01$h1652 979 $aRSIAV5$b90$c20091119$lUSA01$h1112 979 $aRSIAV5$b90$c20091119$lUSA01$h1141 979 $aCAPRI$b90$c20100608$lUSA01$h1336 996 $aImposta sul reddito delle persone giuridiche, l'imposta locale sui redditi, disposizioni comuni e varie$9963409 997 $aUNISA LEADER 01586nam0-2200421---450 001 990005675640203316 005 20190403125002.0 035 $a000567564 035 $aUSA01000567564 035 $a(ALEPH)000567564USA01 035 $a000567564 100 $a20050913d2002----|||y0itaa50------ba 101 $afre$agrc 102 $ade 105 $a0 00||| 200 1 $aDe natura hominis$d=<> nature de l'homme$fHippocratis$gedidit, in linguam francogallicam vertit, commentatus est Jacques Jouanna = La nature de l'homme$fHippocrate$gedite, traduit, et commente par Jacques Jouanna 205 $aEditio altera lucis ope expressa addendis et corrigendis aucta$d2. ed. anastatique augmentee et corrigee 210 $a[Berlin]$cAkademie$dcopyr. 2002 215 $a342 p.$d25 cm 225 2 $aCorpus medicorum graecorum$fedidit Academia Berolinensis et Brandenburgensis cum Academiis Hauniensi atque Lipsiensi$v1.,1.3 410 0$12001$aCorpus medicorum graecorum$v1.,1.3 500 1 $aPeri physios antropou$fIppocratous.$3SA0015151$920943 510 1 $a<> nature de l'homme$3SA0015150 620 $dBERLIN 676 $a610.1 700 0$aHIPPOCRATES$0157241 702 1$aJOUANNA,$bJacques 801 0$aIT$bSA$c20111219 912 $a990005675640203316 950 0$aDipar.to di Filosofia - Salerno$dDFAA 610.1 HIP$e6979 FIL 951 $aAA 610.1 HIP$b6979 FIL 959 $aBK 969 $aFIL 979 $c20121027$lUSA01$h1526 979 $c20121027$lUSA01$h1615 996 $aPeri physios antropou$920943 997 $aUNISA NUM $aSA0015149 LEADER 02375nam0 2200493 i 450 001 VAN0124808 005 20230630091455.885 017 70$2N$a9783319937731 100 $a20191025d2018 |0itac50 ba 101 $aeng 102 $aCH 105 $a|||| ||||| 200 1 $aMajorization and the Lorenz Order with Applications in Applied Mathematics and Economics$fBarry C. Arnold, Jose Maria Sarabia 210 $aCham$cSpringer$d2018 215 $axvii, 272 p.$cill.$d24 cm 410 1$1001VAN0102894$12001 $aStatistics for social and behavioral sciences$1210 $aBerlin [etc.]$cSpringer 500 1$3VAN0236350$aMajorization and the Lorenz Order with Applications in Applied Mathematics and Economics$91563644 606 $a62-XX$xStatistics [MSC 2020]$3VANC022998$2MF 606 $a91B02$xFundamental topics (basic mathematics, methodology; applicable to economics in general) [MSC 2020]$3VANC024669$2MF 606 $a91-XX$xGame theory, economics, finance, and other social and behavioral sciences [MSC 2020]$3VANC025601$2MF 606 $a62P20$xApplications of statistics to economics [MSC 2020]$3VANC026444$2MF 610 $aEcological diversity$9KW:K 610 $aForecasting$9KW:K 610 $aGeometric inequality of Cesaro$9KW:K 610 $aGini index$9KW:K 610 $aIncome distributions$9KW:K 610 $aInequality curve$9KW:K 610 $aLorenz curve$9KW:K 610 $aMajorization$9KW:K 610 $aMultivariate distributions$9KW:K 610 $aParametric forms$9KW:K 610 $aStochastic order$9KW:K 620 $aCH$dCham$3VANL001889 700 1$aArnold$bBarry C.$3VANV096239$068522 701 1$aSarabia$bJose Maria$3VANV096241$0416359 712 $aSpringer $3VANV108073$4650 801 $aIT$bSOL$c20240614$gRICA 856 4 $uhttp://doi.org/10.1007/978-3-319-93773-1$zE-book ? Accesso al full-text attraverso riconoscimento IP di Ateneo, proxy e/o Shibboleth 899 $aBIBLIOTECA DEL DIPARTIMENTO DI MATEMATICA E FISICA$1IT-CE0120$2VAN08 912 $fN 912 $aVAN0124808 950 $aBIBLIOTECA DEL DIPARTIMENTO DI MATEMATICA E FISICA$d08CONS e-book 1227 $e08eMF1227 20191025 996 $aMajorization and the Lorenz Order with Applications in Applied Mathematics and Economics$91563644 997 $aUNICAMPANIA